|
|
|
|
| LEADER |
00000cas a2200000 a 4500 |
| 001 |
vtls012070246 |
| 003 |
SK-MaSNL |
| 005 |
20260228155924.0 |
| 008 |
210923c20169999hu qr|p 0 0slo c |
| 040 |
|
|
|a SNK
|b slo
|c SNK
|e AACR2
|
| 041 |
0 |
|
|a slo
|
| 044 |
|
|
|a hu
|c HU
|
| 072 |
|
7 |
|a 323
|x Vnútropolitický vývoj, politický život
|2 konspekt
|
| 072 |
|
7 |
|a 316.7
|x Sociológia kultúry. Kultúrny život
|2 konspekt
|
| 080 |
|
|
|a 342.724
|2 2011
|
| 080 |
|
|
|a 323.15
|2 2011
|
| 080 |
|
|
|a (=162.4)
|2 2011
|
| 080 |
|
|
|a 314.15-026.49(051)+(054)
|2 2011
|
| 080 |
|
|
|a 316.72/.75
|2 2011
|
| 080 |
|
|
|a 0/9
|2 2011
|
| 245 |
0 |
0 |
|a Lúč
|b príloha Ľudových novín - týždenníka Slovákov v Maďarsku
|
| 260 |
|
|
|a Budapešť
|b Nezisková verejnoprospešná spoločnosť SlovakUm
|c 2016-
|
| 300 |
|
|
|a zv.
|c 30 cm
|
| 310 |
|
|
|a 4x ročne
|b 2018-
|
| 321 |
|
|
|a 1x ročne
|b 2016
|
| 321 |
|
|
|a 2x ročne
|b 2017
|
| 362 |
0 |
|
|a Dec. (2016)-
|
| 500 |
|
|
|a Šéfredaktorka: 2016- , Eva Fábiánová
|
| 525 |
|
|
|a Je prílohou k: Ľudové noviny = ISSN 0456-829X
|
| 650 |
0 |
7 |
|a národnostné menšiny
|2 SNKPH
|9 2669
|
| 650 |
0 |
7 |
|a Slováci v zahraničí
|2 SNKPH
|9 14695
|
| 650 |
0 |
7 |
|a kultúra a spoločnosť
|2 SNKPH
|9 4083
|
| 650 |
0 |
7 |
|a všeobecnosti a zaujímavosti
|2 SNKPH
|9 4162
|
| 655 |
|
7 |
|a krajanské periodiká
|2 SNKPH
|9 110004
|
| 772 |
0 |
|
|t Ľudové noviny
|x 0456-829X
|w vtls008419753
|
| 910 |
|
|
|a snk
|
| 916 |
|
|
|a 2016-2019
|
| 999 |
|
|
|c 893
|d 893
|
| 952 |
|
|
|0 0
|1 0
|4 0
|7 0
|8 2
|a SNK
|b SNK
|d 2021-09-23
|f 1
|i snk2019/4625
|l 0
|o snkČSA 541/A/2016
|p 17A1460908
|r 2026-02-21 19:53:18
|t [len č. 1]
|w 2026-02-21
|y PREZ
|z Na obálke uvedený len dátum 15. decembra 2016
|
| 952 |
|
|
|0 0
|1 0
|4 0
|7 0
|8 2
|a SNK
|b SNK
|d 2021-09-23
|f 1
|i snk2020/10297
|l 0
|o snkČSA 541/A/2017
|p 17A1460910
|r 2026-02-21 19:53:19
|t [č. 1]
|w 2026-02-21
|y PREZ
|z Na obálke uvedený len dátum 7. septembra 2017
|
| 952 |
|
|
|0 0
|1 0
|4 0
|7 0
|8 2
|a SNK
|b SNK
|d 2021-09-23
|f 1
|i snk2020/10297
|l 0
|o snkČSA 541/A/2/2017
|p 17A1460911
|r 2026-02-21 19:53:19
|t č. 2
|w 2026-02-21
|y PREZ
|
| 952 |
|
|
|0 0
|1 0
|4 0
|7 0
|8 2
|a SNK
|b SNK
|d 2021-09-23
|f 1
|i snk2021/13639
|l 0
|o snkČSA 541/A/3/2018
|p 17A1460912
|r 2026-02-21 19:59:35
|t č. 1-4
|w 2026-02-21
|y PREZ
|
| 952 |
|
|
|0 0
|1 0
|4 0
|7 0
|8 2
|a SNK
|b SNK
|d 2021-09-23
|f 1
|i snk2021/13643
|l 0
|o snkČSA 541/A/4/2019
|p 17A1460913
|r 2026-02-21 19:59:35
|t č. 1-4
|w 2026-02-21
|y PREZ
|